| 000 | 01107cab a2200265 4500 | ||
|---|---|---|---|
| 001 | Z3227 | ||
| 008 | 090401t1993 xxu||||| |||| 00| 0 eng d | ||
| 035 | _a(Sirsi) u51753 | ||
| 041 | _aeng | ||
| 245 | _aBritish Railways Board v SoS for Environment and Hounslow LBC | ||
| 260 | _c1993 | ||
| 350 | _a0 | ||
| 490 |
_aJournal of Planning and Environment Law _v1993 JPL 342-349(4) |
||
| 520 | _aCA 6 October 1992. The CA upheld the SoS`s refusal to grant planning permission after the applicant`s British Railways Board (B) and planning authority Hounslow LBC (H) had failed to conclude a s52 agreement over access to a proposed development site. Agreed that reasonable prospect test had been applied. "Grampian Regional Council v Aberdeen DC" 1985 considered. Appeal dismissed. | ||
| 650 | _aACCESS | ||
| 650 | _aGRAMPIAN CONDITIONS | ||
| 650 | _aMARSHALLING UARD | ||
| 650 | _aPLANNING PERMISSION | ||
| 650 | _aREASONABLE PROSPECT TEST | ||
| 650 | _aRESIDENTIAL DEVELOPMENT | ||
| 650 | _aS52 AGREEMENTS | ||
| 690 | _aPLANNING LAW AND PRACTICE-CASE LAW | ||
| 942 | _n0 | ||
| 948 | _c04/03/1997 | ||
| 999 |
_c32115 _d32115 |
||